000 00864cam a2200229 a 4500
003 EG-GiCUC
008 110123s1971 le f 000 0 ara d
040 _aEG-GiCUC
_bara
_cEG-GiCUC
092 0 4 _a212.7
_bJ428 1971
_221
099 _a04
_a212.7 J428 1971
100 1 _aالجزائرى : ابو بكر جابر
245 1 0 _aمنهاج المسلم :
_bكتاب عقائد و آداب و اخلاق و عبادات و معاملات /
_cابوبكر جابر الجزائرى
250 _aط3
260 _aبيروت :
_bدار الفكر :
_c1971
300 _a575ص؛
_c24سم
650 7 _aالحياة الدينية (الاسلام)
_2qrmak
902 _a1
905 _aاميرة
_eمدخل
905 _aايمان
_eمراجع
942 _2ddc
_cBK
999 _c121978
_d121978